000 00688nam a2200229Ia 4500
003 OSt
005 20230408101432.0
008 210423s2009 xx 000 0 und d
020 _a9780521738057
040 _cAL
041 _aeng
082 _a336
_223
_bHILA
100 _aHILLMAN (Arye L)
_984640
245 _aPublic finance and public policy: responsibilities and limitations of government
260 _aNew Delhi
_bCambridge University Press
_c2009
300 _ax,859
_bPB
365 _b2950
_cINR
650 _aEconomics
_984641
650 _aPublic Finance
_984642
906 _afinance ; government ; limitations ; policy: ; Public ; responsibilities
942 _2ddc
_cBK
999 _c157041
_d157041